[Event "GX Alekhine Open da Primavera"]
[Site "Lisboa, Portugal"]
[Date "????.??.??"]
[Round "3.4"]
[White "Andrade, Pedro Tome Cacao de"]
[Black "Curado, Manuel Joao Ferro"]
[Result "1-0"]
[WhiteElo "1448"]
[BlackElo "1728"]
[PlyCount "59"]

1. Nf3 {[%emt 0:08:54]} Nf6 {[%emt 0:02:12]} 2. g3 {[%emt 0:00:29]} g6 {[%emt 0:00:24]} 3. Bg2 {[%emt 0:01:28]} Bg7 {[%emt 0:00:02]} 4. O-O {[%emt 0:00:15]} O-O {[%emt 0:00:02]} 5. d3 {[%emt 0:00:27]} d5 {[%emt 0:00:18]} 6. Nbd2 {[%emt 0:03:39]} c5 {[%emt 0:02:46]} 7. e4 {[%emt 0:04:43]} dxe4 {[%emt 0:00:32]} 8. dxe4 {[%emt 0:00:46]} Nc6 {[%emt 0:02:11]} 9. c3 {[%emt 0:03:35]} Bg4 {[%emt 0:08:42]} 10. Qc2 {[%emt 0:06:26]} e5 {[%emt 0:07:09]} 11. Nc4 {[%emt 0:06:50]} Qc7 {[%emt 0:06:13]} 12. a4 {[%emt 0:05:53]} Rfd8 {[%emt 0:09:22]} 13. Be3 {[%emt 0:05:06]} b6 {[%emt 0:03:42]} 14. Nfd2 {[%emt 0:04:33]} Qe7 {[%emt 0:18:38]} 15. Nb1 {[%emt 0:04:35]} Rac8 {[%emt 0:07:07]} 16. Nba3 {[%emt 0:03:52]} Rc7 {[%emt 0:07:38]} 17. a5 {[%emt 0:07:33]} bxa5 {[%emt 0:01:16]} 18. Nb5 {[%emt 0:00:12]} Rb7 {[%emt 0:03:54]} 19. Nxa5 {[%emt 0:01:03]} Nxa5 {[%emt 0:01:19]} 20. Rxa5 {[%emt 0:00:10]} Qd7 {[%emt 0:03:21]} 21. c4 {[%emt 0:07:18]} Bd1 {[%emt 0:05:01]} 22. Qc3 {[%emt 0:03:08]} Qe7 {[%emt 0:04:46]} 23. f3 {[%emt 0:02:52]} Be2 {[%emt 0:00:22]} 24. Rfa1 {[%emt 0:01:54]} Rd1+ {[%emt 0:00:12]} 25. Rxd1 {[%emt 0:01:37]} Bxd1 {[%emt 0:00:01]} 26. Ra1 {[%emt 0:01:19]} Rd7 {[%emt 0:01:25]} 27. Nxa7 {[%emt 0:01:38]} Bxf3 {[%emt 0:03:06]} 28. Nc6 {[%emt 0:00:08]} Qe6 {[%emt 0:01:25]} 29. Ra8+ {[%emt 0:01:21]} Ne8 {[%emt 0:00:03]} 30. Bxf3 {[%emt 0:00:31]} 1-0

[Event "GX Alekhine Open da Primavera"]
[Site "Lisboa, Portugal"]
[Date "????.??.??"]
[Round "4.3"]
[White "Morais, Vitor Mestre"]
[Black "Andrade, Pedro Tome Cacao de"]
[Result "1/2-1/2"]
[WhiteElo "1758"]
[BlackElo "1448"]
[PlyCount "65"]

1. c4 {[%emt 0:00:04]} e5 {[%emt 0:02:11]} 2. Nc3 {[%emt 0:00:06]} Nf6 {[%emt 0:02:34]} 3. g3 {[%emt 0:00:08]} g6 {[%emt 0:03:34]} 4. Bg2 {[%emt 0:00:10]} Bg7 {[%emt 0:03:02]} 5. e3 {[%emt 0:00:11]} c6 {[%emt 0:02:08]} 6. Nge2 {[%emt 0:00:12]} O-O {[%emt 0:00:59]} 7. O-O {[%emt 0:00:07]} d6 {[%emt 0:03:11]} 8. d4 {[%emt 0:00:08]} Qc7 {[%emt 0:01:32]} 9. b3 {[%emt 0:00:09]} Bf5 {[%emt 0:04:42]} 10. Ba3 {[%emt 0:00:13]} Re8 {[%emt 0:01:27]} 11. Rc1 {[%emt 0:00:23]} a6 {[%emt 0:04:00]} 12. Qd2 {[%emt 0:01:52]} Nbd7 {[%emt 0:06:32]} 13. h3 {[%emt 0:00:53]} h5 {[%emt 0:01:48]} 14. e4 {[%emt 0:01:15]} exd4 {[%emt 0:02:25]} 15. exf5 {[%emt 0:00:10]} dxc3 {[%emt 0:00:06]} 16. Nxc3 {[%emt 0:00:10]} Nc5 {[%emt 0:06:58]} 17. fxg6 {[%emt 0:00:25]} fxg6 {[%emt 0:00:42]} 18. Rfe1 {[%emt 0:00:13]} Qa5 {[%emt 0:05:06]} 19. Bb2 {[%emt 0:02:00]} Rxe1+ {[%emt 0:12:30]} 20. Rxe1 {[%emt 0:01:03]} Re8 {[%emt 0:00:43]} 21. Rxe8+ {[%emt 0:03:02]} Nxe8 {[%emt 0:00:01]} 22. Qc2 {[%emt 0:00:31]} Kh7 {[%emt 0:00:36]} 23. Kh2 {[%emt 0:08:07]} Nf6 {[%emt 0:06:07]} 24. a3 {[%emt 0:01:32]} Qc7 {[%emt 0:00:40]} 25. b4 {[%emt 0:00:20]} Ne6 {[%emt 0:00:34]} 26. Ne2 {[%emt 0:00:17]} Qf7 {[%emt 0:07:14]} 27. Ng1 {[%emt 0:04:32]} d5 {[%emt 0:04:51]} 28. cxd5 {[%emt 0:00:41]} Nxd5 {[%emt 0:02:05]} 29. Nf3 {[%emt 0:01:59]} Bxb2 {[%emt 0:01:45]} 30. Qxb2 {[%emt 0:00:09]} Qf6 {[%emt 0:00:11]} 31. Qe2 {[%emt 0:01:29]} Nd4 {[%emt 0:00:57]} 32. Nxd4 {[%emt 0:01:37]} Qxd4 {[%emt 0:00:02]} 33. Bxd5 {[%emt 0:00:56]} 1/2-1/2

[Event "GX Alekhine Open da Primavera"]
[Site "Lisboa, Portugal"]
[Date "????.??.??"]
[Round "4.1"]
[White "Silva, Reinaldo Joao David Batista Da"]
[Black "Sousa, Joao Alexandre Dinis De"]
[Result "0-1"]
[WhiteElo "1781"]
[BlackElo "2267"]
[PlyCount "66"]

1. Nf3 {[%emt 0:00:04]} c5 {[%emt 0:00:22]} 2. g3 {[%emt 0:00:09]} g6 {[%emt 0:00:44]} 3. Bg2 {[%emt 0:00:12]} Bg7 {[%emt 0:00:05]} 4. O-O {[%emt 0:00:13]} Nc6 {[%emt 0:00:31]} 5. c4 {[%emt 0:02:44]} e6 {[%emt 0:04:28]} 6. e4 {[%emt 0:03:08]} Nge7 {[%emt 0:00:27]} 7. Nc3 {[%emt 0:00:57]} O-O {[%emt 0:00:19]} 8. d3 {[%emt 0:14:02]} d5 {[%emt 0:05:00]} 9. Qa4 {[%emt 0:03:17]} dxc4 {[%emt 0:07:02]} 10. Qxc4 {[%emt 0:02:30]} b6 {[%emt 0:01:02]} 11. Rd1 {[%emt 0:06:31]} Bb7 {[%emt 0:04:53]} 12. a3 {[%emt 0:11:26]} Rc8 {[%emt 0:04:16]} 13. Bg5 {[%emt 0:06:16]} h6 {[%emt 0:03:10]} 14. Bxe7 {[%emt 0:00:51]} Qxe7 {[%emt 0:00:07]} 15. h4 {[%emt 0:06:50]} Rfd8 {[%emt 0:01:09]} 16. Rab1 {[%emt 0:02:57]} a6 {[%emt 0:01:39]} 17. Ne2 {[%emt 0:02:04]} Rd7 {[%emt 0:03:38]} 18. Nf4 {[%emt 0:01:18]} Rcd8 {[%emt 0:02:13]} 19. Bh3 {[%emt 0:03:26]} Kh7 {[%emt 0:01:53]} 20. Qb3 {[%emt 0:11:23]} b5 {[%emt 0:01:08]} 21. Qc2 {[%emt 0:01:56]} Nd4 {[%emt 0:01:17]} 22. Nxd4 {[%emt 0:00:23]} Rxd4 {[%emt 0:00:36]} 23. Ne2 {[%emt 0:02:25]} R4d7 {[%emt 0:15:27]} 24. f4 {[%emt 0:00:14]} c4 {[%emt 0:01:03]} 25. d4 {[%emt 0:01:05]} Bxd4+ {[%emt 0:00:25]} 26. Nxd4 {[%emt 0:06:20]} Rxd4 {[%emt 0:00:03]} 27. Rxd4 {[%emt 0:00:10]} Rxd4 {[%emt 0:00:16]} 28. Qf2 {[%emt 0:00:08]} Qd6 {[%emt 0:11:12]} 29. f5 {[%emt 0:00:20]} Rd2 {[%emt 0:01:40]} 30. fxg6+ {[%emt 0:00:25]} Kxg6 {[%emt 0:00:27]} 31. h5+ {[%emt 0:04:14]} Kg7 {[%emt 0:00:23]} 32. Qf3 {[%emt 0:03:05]} Qd4+ {[%emt 0:01:06]} 33. Kf1 {[%emt 0:00:10]} Bxe4 {[%emt 0:00:32]} 0-1

[Event "GX Alekhine Open da Primavera"]
[Site "Lisboa, Portugal"]
[Date "????.??.??"]
[Round "4.2"]
[White "Lucio, Jorge Manuel Rodrigues"]
[Black "Reis, Luis Simoes dos"]
[Result "1/2-1/2"]
[WhiteElo "1705"]
[BlackElo "1782"]
[PlyCount "26"]

1. d4 {[%emt 0:00:02]} d6 {[%emt 0:07:05]} 2. c4 {[%emt 0:01:08]} e5 {[%emt 0:01:40]} 3. Nf3 {[%emt 0:04:40]} e4 {[%emt 0:00:23]} 4. Ng5 {[%emt 0:00:24]} f5 {[%emt 0:00:20]} 5. Nc3 {[%emt 0:00:16]} Nf6 {[%emt 0:01:00]} 6. g3 {[%emt 0:04:02]} Be7 {[%emt 0:00:47]} 7. Nh3 {[%emt 0:00:34]} c6 {[%emt 0:01:31]} 8. Bg5 {[%emt 0:07:17]} O-O {[%emt 0:00:25]} 9. Nf4 {[%emt 0:05:07]} Na6 {[%emt 0:03:47]} 10. Qd2 {[%emt 0:03:15]} Nc7 {[%emt 0:14:19]} 11. Bxf6 {[%emt 0:06:07]} Bxf6 {[%emt 0:01:37]} 12. e3 {[%emt 0:01:44]} a6 {[%emt 0:16:34]} 13. a4 {[%emt 0:14:32]} Be7 1/2-1/2

[Event "GX Alekhine Open da Primavera"]
[Site "Lisboa, Portugal"]
[Date "????.??.??"]
[Round "4.4"]
[White "Azinheira, Andre Torres"]
[Black "Villarroel Contreras, Fernando"]
[Result "1-0"]
[WhiteElo "1767"]
[BlackElo "1388"]
[PlyCount "65"]

1. e4 {[%emt 0:02:32]} e5 {[%emt 0:00:01]} 2. Nf3 {[%emt 0:00:10]} Nc6 {[%emt 0:00:11]} 3. d4 {[%emt 0:00:15]} exd4 {[%emt 0:03:59]} 4. Nxd4 {[%emt 0:03:47]} Nf6 {[%emt 0:07:30]} 5. Nxc6 {[%emt 0:00:23]} bxc6 {[%emt 0:00:18]} 6. e5 {[%emt 0:00:13]} Nd5 {[%emt 0:03:12]} 7. c4 {[%emt 0:00:17]} Bb4+ {[%emt 0:03:24]} 8. Bd2 {[%emt 0:00:43]} Bxd2+ {[%emt 0:00:27]} 9. Nxd2 {[%emt 0:01:46]} Nf4 {[%emt 0:01:16]} 10. Qg4 {[%emt 0:03:29]} Ng6 {[%emt 0:03:02]} 11. Qd4 {[%emt 0:06:24]} O-O {[%emt 0:01:06]} 12. Be2 {[%emt 0:03:20]} Re8 {[%emt 0:05:37]} 13. f4 {[%emt 0:01:05]} Bb7 {[%emt 0:23:43]} 14. O-O {[%emt 0:06:38]} d6 {[%emt 0:03:20]} 15. Nf3 {[%emt 0:02:57]} c5 {[%emt 0:05:28]} 16. Qe3 {[%emt 0:00:52]} dxe5 {[%emt 0:05:21]} 17. fxe5 {[%emt 0:02:47]} Qe7 {[%emt 0:06:48]} 18. Rae1 {[%emt 0:05:58]} Nxe5 {[%emt 0:01:29]} 19. Qf4 {[%emt 0:04:26]} Ng6 {[%emt 0:02:18]} 20. Qf5 {[%emt 0:03:24]} Qe3+ {[%emt 0:08:03]} 21. Rf2 {[%emt 0:03:01]} Be4 {[%emt 0:04:30]} 22. Qg5 {[%emt 0:10:44]} Qxg5 {[%emt 0:04:34]} 23. Nxg5 {[%emt 0:00:09]} Bd3 {[%emt 0:00:03]} 24. Nf3 {[%emt 0:06:35]} Bxe2 {[%emt 0:00:41]} 25. Rfxe2 {[%emt 0:00:25]} Rxe2 {[%emt 0:00:06]} 26. Rxe2 {[%emt 0:00:09]} Rb8 {[%emt 0:00:35]} 27. b3 {[%emt 0:00:10]} Kf8 {[%emt 0:00:39]} 28. Ne5 {[%emt 0:02:15]} Nxe5 {[%emt 0:03:55]} 29. Rxe5 {[%emt 0:00:11]} Rb6 {[%emt 0:00:09]} 30. Rxc5 {[%emt 0:00:22]} Ke7 {[%emt 0:00:01]} 31. Rxc7+ {[%emt 0:00:43]} Ke6 {[%emt 0:00:49]} 32. Rxa7 {[%emt 0:00:12]} Rd6 {[%emt 0:00:24]} 33. Kf2 {[%emt 0:01:16]} 1-0

[Event "GX Alekhine Open da Primavera"]
[Site "Lisboa, Portugal"]
[Date "????.??.??"]
[Round "5.4"]
[White "Andrade, Pedro Tome Cacao de"]
[Black "Azinheira, Andre Torres"]
[Result "0-1"]
[WhiteElo "1448"]
[BlackElo "1767"]
[PlyCount "45"]

1. Nf3 {[%emt 0:49:09]} e6 {[%emt 0:08:00]} 2. g3 {[%emt 0:01:16]} f5 {[%emt 0:00:20]} 3. d3 {[%emt 0:06:09]} Nf6 {[%emt 0:00:56]} 4. Bg2 {[%emt 0:05:36]} d5 {[%emt 0:00:13]} 5. O-O {[%emt 0:00:14]} Bd6 {[%emt 0:00:23]} 6. c4 {[%emt 0:01:03]} c6 {[%emt 0:01:13]} 7. Qc2 {[%emt 0:11:31]} O-O {[%emt 0:00:41]} 8. c5 {[%emt 0:00:41]} Bc7 {[%emt 0:00:07]} 9. Bf4 {[%emt 0:04:18]} Bxf4 {[%emt 0:07:09]} 10. gxf4 {[%emt 0:00:01]} Bd7 {[%emt 0:00:15]} 11. h3 {[%emt 0:05:15]} Be8 {[%emt 0:00:20]} 12. Ne5 {[%emt 0:02:28]} Nbd7 {[%emt 0:00:25]} 13. Nd2 {[%emt 0:01:35]} Bh5 {[%emt 0:01:06]} 14. Ndf3 {[%emt 0:01:40]} Bxf3 {[%emt 0:03:48]} 15. Bxf3 {[%emt 0:01:51]} Qe7 {[%emt 0:00:14]} 16. b4 {[%emt 0:01:22]} Nxe5 {[%emt 0:07:34]} 17. fxe5 {[%emt 0:00:40]} Nd7 {[%emt 0:00:14]} 18. d4 {[%emt 0:03:13]} Qh4 {[%emt 0:00:34]} 19. Qd3 {[%emt 0:01:09]} Kh8 {[%emt 0:12:10]} 20. Bg2 f4 21. Qf3 h5 {[%emt 0:02:01]} 22. Qd3 {[%emt 0:09:41]} Rf5 {[%emt 0:07:47]} 23. e3 {[%emt 0:01:26]} 0-1

[Event "GX Alekhine Open da Primavera"]
[Site "Lisboa, Portugal"]
[Date "????.??.??"]
[Round "5.1"]
[White "Sousa, Joao Alexandre Dinis De"]
[Black "Morais, Vitor Mestre"]
[Result "1-0"]
[WhiteElo "2267"]
[BlackElo "1758"]
[PlyCount "123"]

1. e4 {[%emt 0:00:05]} d6 {[%emt 0:00:09]} 2. d4 {[%emt 0:00:11]} Nf6 {[%emt 0:00:10]} 3. Nc3 {[%emt 0:00:08]} g6 {[%emt 0:00:08]} 4. Nf3 {[%emt 0:00:11]} Bg7 {[%emt 0:00:06]} 5. Be2 {[%emt 0:00:25]} O-O {[%emt 0:00:18]} 6. O-O {[%emt 0:00:13]} Nc6 {[%emt 0:00:23]} 7. d5 {[%emt 0:00:30]} Nb8 {[%emt 0:00:44]} 8. Re1 {[%emt 0:00:02]} Bg4 {[%emt 0:00:30]} 9. h3 {[%emt 0:00:07]} Bxf3 {[%emt 0:00:11]} 10. Bxf3 {[%emt 0:00:04]} e5 {[%emt 0:00:26]} 11. dxe6 {[%emt 0:00:59]} Nc6 {[%emt 0:00:50]} 12. exf7+ {[%emt 0:00:29]} Rxf7 13. g3 {[%emt 0:00:48]} Qd7 {[%emt 0:01:25]} 14. Bg2 {[%emt 0:00:16]} Raf8 {[%emt 0:00:11]} 15. f4 {[%emt 0:11:55]} Kh8 {[%emt 0:00:17]} 16. Be3 {[%emt 0:02:10]} Nh5 {[%emt 0:00:29]} 17. Kh2 {[%emt 0:00:41]} a6 {[%emt 0:01:21]} 18. Rb1 {[%emt 0:05:12]} Nd8 {[%emt 0:04:56]} 19. Bd4 {[%emt 0:02:29]} Ne6 {[%emt 0:01:02]} 20. Bxg7+ {[%emt 0:00:14]} Nexg7 {[%emt 0:00:30]} 21. Rf1 {[%emt 0:01:21]} Qd8 {[%emt 0:01:45]} 22. Qd4 {[%emt 0:02:30]} h6 {[%emt 0:01:21]} 23. Rbd1 {[%emt 0:00:24]} Qf6 {[%emt 0:01:43]} 24. Qxf6 {[%emt 0:00:34]} Rxf6 {[%emt 0:00:33]} 25. Nd5 {[%emt 0:00:49]} R6f7 {[%emt 0:00:08]} 26. a4 {[%emt 0:01:20]} Ne6 {[%emt 0:03:24]} 27. a5 {[%emt 0:01:45]} Nhg7 {[%emt 0:02:59]} 28. b4 {[%emt 0:01:00]} Nd8 {[%emt 0:00:39]} 29. Rf3 {[%emt 0:13:44]} Nc6 {[%emt 0:00:15]} 30. Rc3 {[%emt 0:00:17]} Ne6 {[%emt 0:00:16]} 31. Bf1 {[%emt 0:05:12]} Ned8 {[%emt 0:02:52]} 32. Kg2 {[%emt 0:01:17]} h5 {[%emt 0:00:23]} 33. h4 {[%emt 0:00:20]} Ne6 {[%emt 0:01:29]} 34. Bxa6 {[%emt 0:02:25]} Nxa5 {[%emt 0:00:19]} 35. bxa5 {[%emt 0:01:07]} bxa6 {[%emt 0:00:11]} 36. Rb1 {[%emt 0:00:11]} Nc5 {[%emt 0:00:17]} 37. e5 {[%emt 0:05:44]} Kg7 {[%emt 0:00:56]} 38. exd6 {[%emt 0:09:31]} cxd6 {[%emt 0:00:12]} 39. Re3 {[%emt 0:00:08]} Nb7 {[%emt 0:02:23]} 40. f5 {[%emt 0:01:31]} Nxa5 {[%emt 0:00:32]} 41. fxg6 {[%emt 0:03:35]} Kxg6 {[%emt 0:01:10]} 42. Nf4+ {[%emt 0:00:31]} Kh6 {[%emt 0:00:14]} 43. Re6+ {[%emt 0:01:16]} Rf6 {[%emt 0:00:30]} 44. Rxf6+ {[%emt 0:00:17]} Rxf6 {[%emt 0:00:15]} 45. Rb6 {[%emt 0:01:02]} Nc4 {[%emt 0:00:14]} 46. Rxa6 {[%emt 0:00:07]} Ne3+ {[%emt 0:00:16]} 47. Kf3 {[%emt 0:00:34]} Nxc2 {[%emt 0:00:32]} 48. Ra5 {[%emt 0:00:28]} Nd4+ {[%emt 0:02:05]} 49. Ke4 {[%emt 0:00:26]} Nc6 {[%emt 0:01:32]} 50. Rxh5+ {[%emt 0:00:29]} Kg7 {[%emt 0:00:22]} 51. Rb5 {[%emt 0:00:16]} Rh6 {[%emt 0:00:23]} 52. Rb7+ {[%emt 0:00:54]} Kf8 {[%emt 0:00:42]} 53. Kf5 {[%emt 0:02:04]} Nd8 {[%emt 0:03:22]} 54. Ra7 {[%emt 0:01:15]} Ke8 {[%emt 0:01:56]} 55. g4 {[%emt 0:01:34]} Nc6 {[%emt 0:01:18]} 56. Rc7 {[%emt 0:01:38]} Ne7+ {[%emt 0:02:51]} 57. Kg5 {[%emt 0:00:13]} Rh7 {[%emt 0:00:24]} 58. Ng6 {[%emt 0:01:13]} Rg7 {[%emt 0:00:43]} 59. Rxe7+ {[%emt 0:00:14]} Rxe7 {[%emt 0:00:15]} 60. Nxe7 {[%emt 0:00:03]} Kxe7 {[%emt 0:00:08]} 61. Kf5 {[%emt 0:00:19]} Kf7 {[%emt 0:00:11]} 62. h5 {[%emt 0:01:27]} 1-0

[Event "GX Alekhine Open da Primavera"]
[Site "Lisboa, Portugal"]
[Date "????.??.??"]
[Round "5.2"]
[White "Reis, Luis Simoes dos"]
[Black "Curado, Manuel Joao Ferro"]
[Result "1/2-1/2"]
[WhiteElo "1782"]
[BlackElo "1728"]
[PlyCount "62"]

1. e4 {[%emt 0:04:13]} c5 {[%emt 0:00:40]} 2. Nf3 {[%emt 0:00:09]} Nc6 {[%emt 0:00:07]} 3. Bb5 {[%emt 0:00:19]} g6 {[%emt 0:01:20]} 4. O-O Bg7 {[%emt 0:00:03]} 5. c3 {[%emt 0:00:10]} a6 {[%emt 0:07:31]} 6. Bxc6 {[%emt 0:01:20]} dxc6 {[%emt 0:00:38]} 7. h3 {[%emt 0:01:27]} e5 {[%emt 0:05:24]} 8. Qe2 {[%emt 0:10:37]} Ne7 {[%emt 0:07:41]} 9. d3 {[%emt 0:01:41]} O-O {[%emt 0:01:53]} 10. Be3 b6 {[%emt 0:09:13]} 11. a4 {[%emt 0:03:10]} f5 {[%emt 0:04:15]} 12. Rd1 {[%emt 0:22:25]} f4 {[%emt 0:03:17]} 13. Bc1 {[%emt 0:00:33]} Be6 {[%emt 0:04:00]} 14. b4 {[%emt 0:02:41]} cxb4 {[%emt 0:09:39]} 15. cxb4 {[%emt 0:00:08]} a5 {[%emt 0:01:12]} 16. bxa5 {[%emt 0:05:38]} Rxa5 {[%emt 0:00:41]} 17. Bb2 {[%emt 0:06:16]} Qd6 {[%emt 0:07:27]} 18. d4 {[%emt 0:05:36]} Rd8 {[%emt 0:05:00]} 19. Na3 {[%emt 0:09:42]} Rxa4 {[%emt 0:19:39]} 20. dxe5 {[%emt 0:01:46]} Qc7 {[%emt 0:00:47]} 21. Rxd8+ {[%emt 0:01:43]} Qxd8 {[%emt 0:00:02]} 22. Rd1 {[%emt 0:01:48]} Qc8 {[%emt 0:06:25]} 23. Qd3 {[%emt 0:03:18]} Ra7 {[%emt 0:01:03]} 24. Qd8+ {[%emt 0:04:06]} Qxd8 {[%emt 0:00:19]} 25. Rxd8+ {[%emt 0:00:06]} Bf8 {[%emt 0:00:42]} 26. Ng5 {[%emt 0:04:34]} Bb3 {[%emt 0:00:31]} 27. e6 {[%emt 0:01:35]} h6 {[%emt 0:03:03]} 28. Nh7 {[%emt 0:05:20]} Kxh7 {[%emt 0:00:03]} 29. Rxf8 {[%emt 0:00:06]} g5 {[%emt 0:01:36]} 30. Nb1 Bxe6 {[%emt 0:00:17]} 31. Re8 {[%emt 0:00:42]} Bf7 {[%emt 0:00:47]} 1/2-1/2

[Event "GX Alekhine Open da Primavera"]
[Site "Lisboa, Portugal"]
[Date "????.??.??"]
[Round "6.4"]
[White "Lucio, Jorge Manuel Rodrigues"]
[Black "Tacuchian, Marcelo De Oliveira"]
[Result "1-0"]
[WhiteElo "1705"]
[BlackElo "1372"]
[PlyCount "137"]

1. d4 {[%emt 0:00:04]} Nf6 {[%emt 0:00:07]} 2. c4 {[%emt 0:00:09]} g6 {[%emt 0:00:10]} 3. Nc3 {[%emt 0:00:14]} d5 {[%emt 0:00:52]} 4. cxd5 {[%emt 0:00:13]} Nxd5 {[%emt 0:00:12]} 5. e4 {[%emt 0:00:19]} Nxc3 {[%emt 0:00:10]} 6. bxc3 {[%emt 0:00:07]} Bg7 {[%emt 0:00:19]} 7. Be3 {[%emt 0:00:10]} c5 {[%emt 0:00:23]} 8. Qd2 {[%emt 0:00:11]} Qa5 {[%emt 0:00:48]} 9. Rb1 {[%emt 0:03:01]} O-O {[%emt 0:01:56]} 10. Rb5 {[%emt 0:05:34]} Qa3 {[%emt 0:07:45]} 11. Rxc5 {[%emt 0:05:22]} Bd7 {[%emt 0:09:31]} 12. Qc1 {[%emt 0:40:06]} Qxa2 {[%emt 0:05:30]} 13. Bc4 {[%emt 0:02:20]} Qa4 {[%emt 0:00:38]} 14. Qb2 {[%emt 0:00:51]} b6 {[%emt 0:09:00]} 15. Bb5 {[%emt 0:08:34]} Bxb5 {[%emt 0:02:49]} 16. Rxb5 {[%emt 0:00:47]} Nc6 {[%emt 0:04:28]} 17. Ne2 {[%emt 0:01:32]} Na5 {[%emt 0:03:37]} 18. O-O {[%emt 0:08:02]} Nc4 {[%emt 0:02:15]} 19. Qb3 {[%emt 0:01:48]} Qxb3 {[%emt 0:01:02]} 20. Rxb3 {[%emt 0:00:03]} Nxe3 {[%emt 0:00:31]} 21. fxe3 {[%emt 0:00:02]} Rfc8 {[%emt 0:01:13]} 22. Ra1 {[%emt 0:01:03]} e6 {[%emt 0:02:01]} 23. Kf2 {[%emt 0:00:51]} Bf6 {[%emt 0:01:12]} 24. Ke1 {[%emt 0:01:05]} Bd8 {[%emt 0:00:50]} 25. Ra6 {[%emt 0:00:32]} Be7 {[%emt 0:05:09]} 26. Kd2 {[%emt 0:00:24]} Rd8 {[%emt 0:02:35]} 27. Kd3 {[%emt 0:01:24]} Kf8 {[%emt 0:02:34]} 28. c4 {[%emt 0:04:22]} Ke8 {[%emt 0:00:36]} 29. Nc3 {[%emt 0:01:53]} Bd6 {[%emt 0:05:00]} 30. h3 {[%emt 0:03:59]} Kd7 {[%emt 0:01:37]} 31. e5 {[%emt 0:01:46]} Bc7 {[%emt 0:03:54]} 32. Nb5 {[%emt 0:02:14]} Bb8 {[%emt 0:00:25]} 33. Kc3 {[%emt 0:00:29]} Kc6 {[%emt 0:00:54]} 34. Rba3 {[%emt 0:00:43]} Kb7 {[%emt 0:01:26]} 35. Ra2 {[%emt 0:00:20]} Rd7 {[%emt 0:00:40]} 36. Kb4 {[%emt 0:01:33]} f6 {[%emt 0:00:59]} 37. exf6 {[%emt 0:00:42]} Rf7 {[%emt 0:00:16]} 38. Kc3 {[%emt 0:00:06]} Rxf6 {[%emt 0:00:35]} 39. Kd3 {[%emt 0:00:12]} h5 {[%emt 0:01:05]} 40. Ke4 {[%emt 0:00:20]} g5 {[%emt 0:01:37]} 41. g4 {[%emt 0:02:07]} h4 {[%emt 0:01:09]} 42. d5 {[%emt 0:00:47]} exd5+ {[%emt 0:00:54]} 43. cxd5 {[%emt 0:00:27]} Rf1 {[%emt 0:02:40]} 44. d6 {[%emt 0:03:53]} Rb1 {[%emt 0:00:36]} 45. Nc7 {[%emt 0:00:52]} Bxc7 {[%emt 0:01:29]} 46. dxc7 {[%emt 0:00:13]} Rc1 {[%emt 0:03:02]} 47. Kf5 {[%emt 0:00:33]} Rc5+ {[%emt 0:00:33]} 48. Kg6 {[%emt 0:00:03]} Rxc7 {[%emt 0:01:54]} 49. Kxg5 {[%emt 0:00:20]} Rh7 {[%emt 0:01:31]} 50. e4 {[%emt 0:00:26]} Rg8+ {[%emt 0:02:13]} 51. Kf6 {[%emt 0:00:36]} Ra8 {[%emt 0:02:28]} 52. e5 {[%emt 0:00:17]} Rh6+ {[%emt 0:00:43]} 53. Kf7 {[%emt 0:01:06]} Rh7+ {[%emt 0:00:17]} 54. Kg6 {[%emt 0:00:11]} Rc7 {[%emt 0:01:14]} 55. e6 {[%emt 0:01:01]} Rc3 56. R6a3 {[%emt 0:01:13]} Rc6 {[%emt 0:01:19]} 57. Kf7 {[%emt 0:00:23]} Rc7+ {[%emt 0:00:38]} 58. e7 {[%emt 0:00:16]} Rd7 {[%emt 0:01:16]} 59. Ke6 {[%emt 0:00:34]} Rc7 {[%emt 0:00:18]} 60. Rxa7+ {[%emt 0:00:23]} Rxa7 {[%emt 0:03:01]} 61. Rxa7+ {[%emt 0:00:08]} Kxa7 62. e8=Q {[%emt 0:00:09]} Rc1 63. Qa4+ Kb7 64. g5 Re1+ 65. Kf6 Rf1+ 66. Kg7 Rc1 {[%emt 0:01:15]} 67. Kf6 {[%emt 0:02:07]} Rf1+ {[%emt 0:00:41]} 68. Kg7 {[%emt 0:00:08]} Rg1 {[%emt 0:00:58]} 69. g6 {[%emt 0:01:08]} 1-0